00269nam a2200109Ia 4500008004100000041000800041082002200049100001600071245002600087260003700113300000900150230411s9999 xx 000 0 und d aeng aPY/150/SRE/B07181 aBasavanna M aPsychology for Nurses bJaypee BrothersaNew Delhic2015 a614p